Paramore's Songs - Statistics

General Stats
  • This quiz has been taken 352 times
    126 since last reset
  • The average score is 45 of 90
Answer Stats
Album Songs % Correct
Riot! Misery Business
88%
Re: This Is Why (Re: Foals) This Is Why
88%
This is why This is why
88%
Paramore Still Into You
82%
Single Decode
81%
After Laughter Hard Times
79%
Paramore Ain't It Fun
77%
Brand New Eyes Brick By Boring Brick
74%
Brand New Eyes Ignorance
74%
Brand New Eyes The Only Exception
70%
Riot! crushcrushcrush
68%
All We Know Is Falling Emergency
68%
After Laughter Pool
65%
After Laughter Rose-Colored Boy
65%
Re: This Is Why (Re: The Linda Lindas) The News
64%
This is why The News
64%
All We Know Is Falling Pressure
63%
All We Know Is Falling All We Know
62%
Riot! That's What You Get
62%
After Laughter 26
60%
Brand New Eyes All I Wanted
60%
After Laughter Fake Happy
60%
Riot! Fences
60%
Paramore Fast In My Car
57%
Re: This Is Why (Re: Claud) Crave
56%
This is why Crave
56%
Brand New Eyes Misguided Ghosts
56%
Re: This Is Why (Re: DOMi & JD BECK) Big Man, Little Dignity
54%
This is why Big Man, Little Dignity
54%
Brand New Eyes Careful
54%
Brand New Eyes Playing God
54%
Re: This Is Why (Re: Panda Bear) Running Out Of Time
54%
Re: This Is Why (Re: Zane Lowe) Running Out Of Time
54%
This is why Running Out Of Time
54%
Re: This Is Why (Re: Bartees Strange) Figure 8
52%
This is why Figure 8
52%
Riot! When It Rains
52%
Riot! Let the Flames Begin
51%
All We Know Is Falling Franklin
50%
Single Monster
50%
All We Know Is Falling My Heart
50%
Paramore (One Of Those) Crazy Girls
50%
Re: This Is Why (Re: Wet Leg) C'est Comme Ca
49%
This is why C'est Comme Ca
49%
Riot! For a Pessimist, I'm Pretty Optimistic
49%
Re: This Is Why(Re: Romy) Liar
49%
This is why Liar
49%
Paramore Now
49%
Re: This Is Why (Re: Julien Baker) Thick Skull
49%
This is why Thick Skull
49%
After Laughter Told You So
49%
Re: This Is Why (Re: Remi Wolf) You First
49%
This is why You First
49%
After Laughter Caught In The Middle
48%
Paramore Last Hope
46%
Paramore Daydreaming
45%
Single I Caught Myself
45%
Paramore Anklebiters
44%
After Laughter Idle worship
44%
Riot! Born For This
43%
Paramore Future
43%
After Laughter Forgiveness
42%
Paramore Grow Up
42%
After Laughter Grudges
42%
Brand New Eyes Turn it off
42%
Paramore Hate to see your heartbreak
40%
All We Know Is Falling Brighter
39%
All We Know Is Falling Conspiracy
39%
Single In The Mourning
39%
All We Know Is Falling Whoa
39%
Brand New Eyes Feeling Sorry
38%
After Laughter No Friend
38%
After Laughter Tell Me How
38%
Brand New Eyes Where the Lines Overlap
38%
Paramore Interlude: I'm Not Angry Anymore
36%
Paramore Proof
36%
Riot! We Are Broken
35%
All We Know Is Falling Here We Go Again
33%
Brand New Eyes Looking Up
33%
Riot! Miracle
33%
Single Renegade
33%
Re: This Is Why (demo) Sanity
33%
Single Hello Cold World
31%
Paramore Interlude: Holiday
31%
Single (Cover) Burning Down the House
30%
Paramore Interlude: Moving On
27%
Paramore Be Alone
25%
All We Know Is Falling Never Let This Go
19%
Paramore Part ll
19%
Riot! Hallejuah
5%
No matching quizzes found
Score Distribution
Percent of People with Each Score
Percentile by Number Answered
Your Score History
You have not taken this quiz since the last reset